000
00298nam a2200121Ia 4500
008
220613s9999||||xx |||||||||||||| ||und||
100
_a
MATHYES
245
0
_a
MATHS PLASTIC SURGERY ( TUREK AND HOWER EXTERMITU )
250
_a
2ND VOL 6
300
_a
1490
650
_a
Plastic Surgery
942
_c
SURG
999
_c
7597
_d
7597